000 00412cam a2200145 i 4500
020 _a9780801039874 (pbk.)
041 _aENG
082 0 0 _a232.908
_bMCD
100 1 _aMcDonald, Lee Martin,
245 1 4 _aThe story of Jesus in history and faith
260 _aUnited States of America
_bBaker Academic
_c2013
300 _axx, 393 pages :
_billustrations, map ;
650 _aHistory of Jesus Christ
942 _cBK
999 _c22549
_d22549